The rule of freedom : liberalism and the modern city
Αποθηκεύτηκε σε:
| Κύριος συγγραφέας: | |
|---|---|
| Μορφή: | Βιβλίο |
| Γλώσσα: | English |
| Δημοσίευση: |
London :
Verso,
2003.
|
| Θέματα: | |
| Ετικέτες: |
Προσθήκη ετικέτας
Δεν υπάρχουν, Καταχωρήστε ετικέτα πρώτοι!
|
MARC
| LEADER | 00000cam a2200000 i 4500 | ||
|---|---|---|---|
| 001 | 1/30121 | ||
| 008 | 060524s2003 enk| ||| |||| ||eng|| | ||
| 020 | |a 1859845207 | ||
| 035 | |l 10084068 | ||
| 040 | |a GR-MyUA |b gre |e AACR2 | ||
| 041 | 0 | |a eng | |
| 082 | 0 | |a 323.44 |2 (22) | |
| 100 | 1 | |a Joyce, Patrick. | |
| 245 | 1 | 4 | |a The rule of freedom : |b liberalism and the modern city / |c Patrick Joyce. |
| 260 | |a London : |b Verso, |c 2003. | ||
| 300 | |a xii, 276 σ. : |b εικ., χάρτ. ; |c 22 εκ. | ||
| 504 | |a Περιέχει ευρετήριο. | ||
| 650 | 0 | 0 | |a Liberty. |
| 650 | 0 | 0 | |a Liberalism. |
| 650 | 0 | 0 | |a Social control. |
| 767 | 0 | 8 | |i Μεταφρασμένο ως: |t Σύγχρονη πόλη : |
| 852 | |a INST |b LESVOS |e 20060524 |h 323.44 JOY |p 005100035039 |q 005100035039 |t BK |y 0 | ||
| 901 | |a BIBL1-2006-2 | ||
| 909 | |a Λ |b 126523 | ||
| 970 | |a ΚΑΡΑ |b ΓΙΑΣΕΜΗ |z 2006/05/24 | ||